[Event "AUTO-ADV-3994"]
[Site "http://www.queenalice.com/game.php?id=1520946"]
[Date "2018.3.24"]
[Round "1"]
[White "victorlobo"]
[Black "jupar"]
[Result "0-1"]
[WhiteElo "1720"]
[BlackElo "2111"]

1. e4 e5 2. d4 exd4 3. Qxd4 Nc6 4. Qc3 Bb4 5. a3 Bxc3+ 6. Nxc3 d6 7. Bb5 Bd7 8.
Bxc6 Bxc6 9. f3 Nf6 10. Bg5 O-O 11. O-O-O h6 12. e5 hxg5 13. exf6 Qxf6 0-1

[Event "AUTO-OPEN-3930"]
[Site "http://www.queenalice.com/game.php?id=1526613"]
[Date "2018.5.9"]
[Round "1"]
[White "chessman"]
[Black "victorlobo"]
[Result "1-0"]
[WhiteElo "1837"]
[BlackElo "1709"]

1. e4 e5 2. Nf3 Qf6 3. Bc4 Bc5 4. c3 Nh6 5. d3 Ng4 6. O-O h5 7. h3 Bxf2+ 8. Rxf2
Nxf2 9. Kxf2 d6 10. Bg5 Qg6 11. Nbd2 O-O 12. Be3 Be6 13. Bb3 f5 14. Bxe6+ Qxe6
15. Kg1 fxe4 16. dxe4 Nd7 17. a3 d5 18. Ng5 Qg6 19. exd5 Rf5 20. Nde4 Raf8 21.
Qb3 Rxg5 22. Nxg5 Rf5 23. d6+ Kh8 24. dxc7 Rf8 25. Qxb7 Qc2 26. c8=Q Rxc8 27.
Qxc8+ Nf8 28. Qxf8# 1-0

[Event "AUTO-OPEN-3930"]
[Site "http://www.queenalice.com/game.php?id=1526614"]
[Date "2018.5.9"]
[Round "1"]
[White "victorlobo"]
[Black "chessman"]
[Result "1-0"]
[WhiteElo "1689"]
[BlackElo "1973"]

1. e4 e6 2. Qf3 d5 3. exd5 exd5 4. Nc3 Nf6 5. Be2 Be7 6. d3 c6 7. Bg5 O-O 8.
Bxf6 Bxf6 9. d4 Bxd4 10. O-O-O Bf6 11. Bd3 a5 12. Nh3 a4 13. g4 a3 14. g5 Bxg5+
15. Nxg5 axb2+ 16. Kxb2 Qxg5 17. h4 Qf6 18. Qxf6 gxf6 19. Rdg1+ Kh8 20. Ne2 Be6
21. Nd4 c5 22. Nxe6 fxe6 23. h5 c4 24. Be2 Nc6 25. h6 Rg8 26. Bg4 f5 27. Bh5
Rxg1 28. Rxg1 Rg8 29. Rxg8+ Kxg8 30. Be8 Nb8 31. Ka3 Kf8 32. Bh5 Nd7 33. Kb4 Nf6
34. Bf3 Ke7 35. Kc5 Nd7+ 36. Kb5 Kd6 37. Bh5 1-0

[Event "AUTO-OPEN-3930"]
[Site "http://www.queenalice.com/game.php?id=1526635"]
[Date "2018.5.9"]
[Round "1"]
[White "hercolubus"]
[Black "victorlobo"]
[Result "1-0"]
[WhiteElo "2103"]
[BlackElo "1696"]

1. e4 e5 2. Nf3 Nf6 3. d3 Bb4+ 4. c3 Bc5 5. Bg5 Bxf2+ 6. Kxf2 Ng4+ 7. Kg1 f6 8.
Bh4 g5 9. Bg3 h5 10. h3 Ne3 11. Qe2 Nxf1 12. Qxf1 d5 13. Nbd2 h4 14. Bh2 Bxh3
15. gxh3 dxe4 16. dxe4 Rg8 17. Qc4 Qd7 18. Qxg8+ Ke7 19. Qg7+ Kd8 20. Qxf6+ Kc8
21. Qf8+ Qd8 22. Qxd8+ Kxd8 23. Nxe5 a5 24. Rf1 Ke7 25. Ng4 Na6 26. Rf5 Rd8 27.
Nc4 a4 28. Kf2 c6 29. Ke2 b5 30. Nce5 c5 31. Nc6+ Kd7 32. Rd1+ Kxc6 33. Rxd8 c4
34. Rd6+ Kc7 35. Rf7+ Kc8 36. Rxa6 1-0

[Event "AUTO-OPEN-3930"]
[Site "http://www.queenalice.com/game.php?id=1526636"]
[Date "2018.5.9"]
[Round "1"]
[White "victorlobo"]
[Black "hercolubus"]
[Result "0-1"]
[WhiteElo "1698"]
[BlackElo "2064"]

1. e4 e5 2. d4 exd4 3. Qxd4 Nc6 4. Qa4 d6 5. Bb5 Bd7 6. Nf3 a6 7. Bxc6 Bxc6 8.
Qd4 Nf6 9. Bg5 Be7 10. Bxf6 Bxf6 11. e5 dxe5 12. Qxd8+ Rxd8 13. O-O e4 14. c3
exf3 15. Re1+ Kd7 16. Na3 fxg2 17. Re3 Kc8 18. f3 b5 19. Kxg2 Rd2+ 20. Kg1 Rxb2
21. f4 Rd8 22. Kf1 Rxh2 23. Ree1 Bxc3 24. Rad1 Bxe1 25. Rxe1 Rdd2 26. Kg1 Rh1#
0-1

[Event "AUTO-OPEN-3930"]
[Site "http://www.queenalice.com/game.php?id=1526647"]
[Date "2018.5.9"]
[Round "1"]
[White "Spessatto"]
[Black "victorlobo"]
[Result "1-0"]
[WhiteElo "1998"]
[BlackElo "1716"]

1. d4 d5 2. h3 e6 3. Nf3 c5 4. Bf4 c4 5. c3 Qf6 6. e3 h6 7. Nbd2 Nc6 8. Be2 g5
9. Bh2 h5 10. Ne5 Nxe5 11. Bxe5 Qh6 12. Bxh8 Qxh8 13. Nf3 f6 14. Nh2 g4 15. hxg4
hxg4 16. Bxg4 f5 17. Bh5+ Ke7 18. Be2 Kd7 19. Nf3 Qxh1+ 20. Kd2 Qxd1+ 21. Bxd1
Bd6 22. Ba4+ Kc7 23. Rh1 Nf6 24. Ng5 f4 25. Rh6 fxe3+ 26. fxe3 Be7 27. Rg6 Bd7
28. Rg7 Kd6 29. Nf7+ Kc7 30. Bxd7 Kxd7 31. Ne5+ Kd6 32. Ng6 Re8 33. Ne5 Ne4+ 34.
Ke2 Rf8 35. g4 Rf2+ 36. Ke1 Rxb2 37. Ng6 Bf6 38. Rh7 Rxa2 39. Nf4 Bg5 40. Rxb7
1-0

[Event "AUTO-OPEN-3930"]
[Site "http://www.queenalice.com/game.php?id=1526648"]
[Date "2018.5.9"]
[Round "1"]
[White "victorlobo"]
[Black "Spessatto"]
[Result "0-1"]
[WhiteElo "1711"]
[BlackElo "2003"]

1. e4 e5 2. Qf3 Bc5 3. Bc4 Qf6 4. Qxf6 Nxf6 5. f3 d6 6. c3 a6 7. d4 exd4 8. cxd4
Bxd4 9. Ne2 Bb6 10. Bg5 Nbd7 11. Bxf6 Nxf6 12. Nf4 Bd4 13. Nc3 Bxc3+ 14. bxc3
O-O 15. O-O b5 16. Bd5 Nxd5 17. Nxd5 Rb8 18. Ne7+ Kh8 19. a4 bxa4 20. Rxa4 Bb7
21. Rc4 c5 22. Nf5 Rfd8 23. Rd1 d5 24. Rxc5 dxe4 25. Rxd8+ Rxd8 26. fxe4 Bxe4
27. Ne7 h6 28. h3 Rd2 29. Rc8+ Kh7 30. Rf8 Rxg2+ 31. Kf1 Rc2 32. Rxf7 Rxc3 33.
Rf4 Bd3+ 34. Kg2 Rc7 35. Nd5 Rc2+ 36. Rf2 Be4+ 37. Kg1 Rxf2 38. Kxf2 Bxd5 39.
Ke3 g5 40. Kf2 a5 0-1

[Event "AUTO-INT-3370"]
[Site "http://www.queenalice.com/game.php?id=1540482"]
[Date "2018.8.29"]
[Round "1"]
[White "victorlobo"]
[Black "byyonico"]
[Result "0-1"]
[WhiteElo "1573"]
[BlackElo "1638"]

1. e4 c5 2. d4 cxd4 3. Qxd4 Nc6 4. Qa4 d5 5. Bb5 Bd7 6. Bxc6 Bxc6 7. Qb3 dxe4 8.
Ne2 Qc7 9. Bf4 Qa5+ 10. Bd2 Qg5 0-1